000 00876nab a2200277 4500
003 BR-BrBNA
005 20260330155723.0
008 260330b bl.||||| |||| 00| 0 por d
040 _aBR-BrBNA
_bpor
072 _aE13 ; E16 ; E11 ; E20
100 _aSantiago, Darlene
245 _aNão vai faltar dinheiro, mas...
_bAgroeconomia
500 _a9 illus.
650 _aSAFRA
650 _aCRÉDITO RURAL
650 _aFINANCIAMENTO
650 _aINVESTIMENTO
650 _aCUSTEIO
650 _aAGRICULTURA FAMILIAR
650 _aMÉDIO PRODUTOR
650 _aCUSTO DE PRODUÇÃO
650 _aPLANEJAMENTO
773 0 _01706
_9348152
_dSão Paulo-SP Editora Três Ltda - E-mail: luizfsa@revistadinheiro.com.br 2004
_o2025-0641
_tDinheiro Rural (Brazil)
_x1807-3700
_gv. 10(127) p. 22-24; (Jul 2015)
_wBR2026000421
942 _cANA
999 _c341150
_d341150